Champollions Hieroglyphen : Philologie und Weltaneignung /

محفوظ في:

المؤلف الرئيسي: Messling, Markus, 1975- (مؤلف)

التنسيق: كتاب

اللغة: German

منشور في: Berlin : Kadmos, 2012.

الموضوعات:

الوسوم: إضافة وسم

لا توجد وسوم, كن أول من يضع وسما على هذه التسجيلة!

رقم الطلب: PJ1064 .C6 M47 2012

LEADER 01252nam a22003017a 4500
003 OSt
005 20251013110339.0
008 251013t2012 gw a g b 000 0dger d
020 |a 3865991610 
020 |a 9783865991614 
040 |c ARCE Library 
043 |a e-fr--- 
050 1 4 |a PJ1064 .C6  |b M47 2012 
100 1 |a Messling, Markus,  |d 1975-  |e author  |9 35887 
245 1 0 |a Champollions Hieroglyphen :   |b Philologie und Weltaneignung /   |c Markus Messling. 
264 1 |a Berlin :   |b Kadmos,   |c 2012. 
300 |a 160 pages :   |b illustrations ;   |c 20 cm. 
504 |a Includes bibliographical references. 
505 0 |a Andere Erzählungen einer großen Geschichte Philologie und Nationalismus Erkenntnis und Methode : das Pariser Erbe Wissenschaftliche Anerkennung : Showdown in Rom Materialgeschichte : Raubbau am Nil und die Idee des Kulturgüterschutzes Brief von Jean-Franco̦is Champollion le jeune an Mehmet Ali Pascha Literaturverzeichnis Nachweise. 
555 |a shimaa 
600 1 0 |a Champollion, Jean-François,  |d 1790-1832. 
630 0 0 |a Rosetta stone. 
650 0 |a Egyptian language  |x Writing, Hieroglyphic. 
650 0 |a Egyptologists  |z France. 
651 0 |a Egypt   |x Antiquities. 
901 |a reviewed 
942 |c BK  |2 lcc 
999 |c 24320  |d 24320